| 000 | 01152nam0a2200313 4500 | ||
|---|---|---|---|
| 001 | RU\NLR\bibl\44577 | ||
| 005 | 20250616081842.0 | ||
| 010 |
_a985-11-0133-8 _924370 |
||
| 021 |
_aRU _b99-415с _920с |
||
| 035 | _a(NLR Aleph) 000043479 | ||
| 090 |
_a228963 _c228963 |
||
| 100 | _a19990824d1999 |||y0rusy50 ca | ||
| 101 | 1 |
_abel _cpol |
|
| 102 | _aRU | ||
| 105 | _aa ||||||||| | ||
| 200 | 1 |
_aСвiцязь _e[Выбр. творы _eДля сярэд. i ст. шк. узросту] _fЯн Чачот _gСклад. Янка Саламевiч _g[Прадм., пер. з пол. мови i камент. Кастуся Цвiркi _gМаст. Э.Э. Жакевiч, Ю.А. Тарэеу] |
|
| 210 |
_aМн. _cБеларус. Энцыклапедыя _d1999 |
||
| 215 |
_a319 с. _cил. _d20 |
||
| 225 | 1 | _aШкольная бiблiятэка | |
| 686 | _aШ9(2)62=Бел5я44 | ||
| 700 | 1 |
_aЧачот _bЯ. _gЯн _4070 |
|
| 702 | 1 |
_aСаламевiч _bЯ. _gЯнка _4220 |
|
| 801 | 0 |
_aRU _bNLR _c19990824 _gPSBO |
|
| 801 | 1 |
_aRU _bNLR _c19990824 |
|
| 852 |
_aNLR _j99-3/9567 |
||
| 942 | _cBOOK | ||
| 980 | _aNB | ||